Изучение моделей физических процессов и явлений на компьютере: лабораторный практикум; учебное пособие

מידע ביבליוגרפי
מחבר ראשי: Ревинская О. Г. Ольга Геннадьевна
מחבר תאגידי: Национальный исследовательский Томский политехнический университет (ТПУ)
מחברים אחרים: Кравченко Н. С. Надежда Степановна
סיכום:Заглавие с титульного экрана
Лабораторный практикум содержит методические указания по исследованию теоретических моделей физических явлений и процессов на компьютере. Модели, включенные в практикум, построены на материале курса общей физики для вузов и сгруппированы по разделам "Механика", "Физика жидкостей и газов", "Колебания и волны", "Электричество и магнетизм", "Оптика". Практикум содержит 24 лабораторные работы, включающее подробное теоретическое описание моделей и рекомендации по их исследованию. Предназначена для студентов 1-2 курсов всех специальностей, изучающих курс общей физики и концепции современного естествознания.
Режим доступа: из корпоративной сети ТПУ
שפה:רוסית
יצא לאור: Томск, Изд-во ТПУ, 2011
נושאים:
גישה מקוונת:http://www.lib.tpu.ru/fulltext2/m/2012/m56.pdf
פורמט: אלקטרוני ספר
KOHA link:https://koha.lib.tpu.ru/cgi-bin/koha/opac-detail.pl?biblionumber=209844

MARC

LEADER 00000nlm0a2200000 4500
001 209844
005 20231221141857.0
035 |a (RuTPU)RU\TPU\book\229195 
090 |a 209844 
100 |a 20120216d2011 m y0rusy50 ca 
101 0 |a rus 
102 |a RU 
105 |a a j 001zy 
135 |a drcn ---uucaa 
181 0 |a i  
182 0 |a b 
200 1 |a Изучение моделей физических процессов и явлений на компьютере  |e лабораторный практикум  |e учебное пособие  |f О. Г. Ревинская, Н. С. Кравченко  |g Национальный исследовательский Томский политехнический университет (ТПУ) 
203 |a Текст  |c электронный 
210 |a Томск  |c Изд-во ТПУ  |d 2011 
300 |a Заглавие с титульного экрана 
330 |a Лабораторный практикум содержит методические указания по исследованию теоретических моделей физических явлений и процессов на компьютере. Модели, включенные в практикум, построены на материале курса общей физики для вузов и сгруппированы по разделам "Механика", "Физика жидкостей и газов", "Колебания и волны", "Электричество и магнетизм", "Оптика". Практикум содержит 24 лабораторные работы, включающее подробное теоретическое описание моделей и рекомендации по их исследованию. Предназначена для студентов 1-2 курсов всех специальностей, изучающих курс общей физики и концепции современного естествознания. 
333 |a Режим доступа: из корпоративной сети ТПУ 
337 |a Adobe Reader 
606 1 |a Физические процессы  |x Компьютерное моделирование  |2 stltpush  |3 (RuTPU)RU\TPU\subj\70550  |9 84778 
610 1 |a электронный ресурс 
610 1 |a труды учёных ТПУ 
610 1 |a лабораторные практикумы 
610 1 |a учебные пособия 
610 1 |a теоретические модели 
610 1 |a физические явления 
610 1 |a физические процессы 
610 1 |a механика 
610 1 |a оптика 
610 1 |a физика 
610 1 |a колебания 
610 1 |a волны 
610 1 |a электричество 
610 1 |a магнетизм 
610 1 |a жидкости 
610 1 |a газы 
610 1 |a компьютерные модели 
610 1 |a лабораторные работы 
610 1 |a модели 
610 1 |a исследование 
610 1 |a исследования 
675 |a 53.07(076.5)  |v 3 
700 1 |a Ревинская  |b О. Г.  |c физик  |c заведующий лабораторией Томского политехнического университета, кандидат педагогических наук  |f 1967-  |g Ольга Геннадьевна  |3 (RuTPU)RU\TPU\pers\28990  |9 13711 
701 1 |a Кравченко  |b Н. С.  |c физик  |c доцент Томского политехнического университета  |f 1940-  |g Надежда Степановна  |3 (RuTPU)RU\TPU\pers\27021 
712 0 2 |a Национальный исследовательский Томский политехнический университет (ТПУ)  |c (2009- )  |3 (RuTPU)RU\TPU\col\15902 
801 1 |a RU  |b 63413507  |c 20120216 
801 2 |a RU  |b 63413507  |c 20140211  |g RCR 
856 4 |u http://www.lib.tpu.ru/fulltext2/m/2012/m56.pdf 
942 |c CF